[Event "49th Bosna it"]
[Site "Sarajevo BIH"]
[Date "2019.04.29"]
[Round "4.13"]
[White "Jerkovic, Maroje"]
[Black "Burovic, Rijad"]
[Result "0-1"]
[WhiteElo "2145"]
[BlackElo "2393"]
[EventDate "2019.04.27"]
[PlyCount "86"]

1.f4 g6 2.e4 d5 3.e5 h5 4.d4 Nh6 5.Be3 Ng4 6.Bd2 c5 7.dxc5 e6 8.b4 b6 9.
cxb6 Qxb6 10.Qe2 Bxb4 11.Qb5+ Bd7 12.Qxb6 Bxd2+ 13.Nxd2 axb6 14.Bd3 Ke7 
15.Ke2 Nc6 16.Ngf3 Nb4 17.a3 Nxd3 18.cxd3 Ra4 19.Rhb1 b5 20.Rb4 Rha8 21.h3
Rxb4 22.axb4 Rxa1 23.hxg4 Ra4 24.gxh5 gxh5 25.Nd4 Rxb4 26.N2b3 Ra4 27.Ke3 
Ra2 28.g3 b4 29.Nc5 Ra5 30.Ndb3 Ra3 31.Nd4 Rc3 32.Ndb3 Ba4 33.Nxa4 Rxb3 
34.Kd4 Ra3 35.Nc5 Ra2 36.Ke3 Rc2 37.Nb3 Rg2 38.Kf3 Rb2 39.Nd4 b3 40.Ke3 
Rb1 41.Kd2 b2 42.Kc2 Rd1 43.Kxb2 Rxd3 0-1

[Event "49th Bosna it"]
[Site "Sarajevo BIH"]
[Date "2019.04.29"]
[Round "4.14"]
[White "Borsuk, Konstantin"]
[Black "Bucan, Eldin"]
[Result "1-0"]
[WhiteElo "2368"]
[BlackElo "2135"]
[EventDate "2019.04.27"]
[PlyCount "93"]

1.c4 Nf6 2.Nf3 g6 3.g3 Bg7 4.Bg2 O-O 5.O-O c6 6.d4 d6 7.Nc3 Qa5 8.h3 Be6 
9.Nd2 a6 10.d5 Bd7 11.e4 Nh5 12.Nb3 Qb4 13.g4 Nf6 14.Be3 c5 15.a3 Qb6 16.
Qc2 Qc7 17.a4 b6 18.f4 Ra7 19.Rfe1 Ne8 20.Nd2 Qc8 21.Nf3 Qc7 22.e5 Bc8 23.
Bf2 Nd7 24.Qe2 h6 25.Rad1 Kh7 26.Bh4 f6 27.e6 Nb8 28.f5 g5 29.Bf2 Rh8 30.
h4 Qd8 31.Be3 Nc7 32.Kf2 Kg8 33.Rh1 Qe8 34.Rb1 a5 35.Rh3 Nba6 36.b3 Nb4 
37.Rbh1 Bb7 38.Qd2 Qa8 39.Ng1 Qe8 40.Nce2 Ra8 41.Ng3 Qf8 42.Be4 Ne8 43.Nh5
Rc8 44.Ne2 Rc7 45.Ng1 Rc8 46.Nf3 Nc7 47.Nxg7 1-0

[Event "49th Bosna it"]
[Site "Sarajevo BIH"]
[Date "2019.04.29"]
[Round "4.15"]
[White "Sutkovic, Damir"]
[Black "Alihodzic, Muzafer"]
[Result "1-0"]
[WhiteElo "2350"]
[BlackElo "2147"]
[EventDate "2019.04.27"]
[PlyCount "87"]

1.d4 d5 2.c4 c6 3.Nf3 Nf6 4.e3 e6 5.Nc3 Nbd7 6.Qc2 Bd6 7.g4 h6 8.Rg1 dxc4 
9.Bxc4 b5 10.Be2 Bb7 11.e4 e5 12.g5 hxg5 13.Bxg5 exd4 14.Nxd4 Bxh2 15.Rh1 
Qc7 16.Ncxb5 Qb8 17.Nxc6 Bxc6 18.Qxc6 O-O 19.Bxf6 Nxf6 20.Qc3 Bf4 21.Qh3 
Bh6 22.Qf5 Qb6 23.e5 Qc6 24.Rxh6 gxh6 25.Qxf6 Qh1+ 26.Bf1 Rae8 27.O-O-O 
Re6 28.Qf5 Qc6+ 29.Nc3 Qc5 30.Rd5 Qb4 31.Bd3 Rg6 32.e6 Rg7 33.exf7+ Rgxf7 
34.Qg6+ Rg7 35.Qe6+ Rgf7 36.Bg6 Qf4+ 37.Kb1 Qxf2 38.Rf5 Qg1+ 39.Kc2 Qh2+ 
40.Kb3 Qc7 41.Bxf7+ Rxf7 42.Qxh6 Qb7+ 43.Rb5 Qc7 44.Rg5+ 1-0

[Event "49th Bosna it"]
[Site "Sarajevo BIH"]
[Date "2019.04.29"]
[Round "4.16"]
[White "Marn, Jan"]
[Black "Bistric, Faruk"]
[Result "0-1"]
[WhiteElo "2150"]
[BlackElo "2347"]
[EventDate "2019.04.27"]
[PlyCount "56"]

1.d4 Nc6 2.d5 Ne5 3.e4 e6 4.dxe6 fxe6 5.Nf3 Nf7 6.Bd3 b6 7.O-O Bb7 8.Nbd2 
Ne7 9.Nc4 Ng6 10.h4 Bd6 11.Nxd6+ cxd6 12.Bg5 Qc7 13.h5 Nge5 14.Nxe5 Nxg5 
15.Qg4 dxe5 16.Qxg5 O-O 17.h6 Rf7 18.f4 exf4 19.e5 Qc5+ 20.Kh1 f3 21.gxf3 
Kh8 22.Rg1 gxh6 23.Qg3 Bxf3+ 24.Kh2 Raf8 25.Raf1 Qe7 26.Rf2 Rf4 27.Rgf1 
Rh4+ 28.Kg1 Rh1# 0-1

[Event "49th Bosna it"]
[Site "Sarajevo BIH"]
[Date "2019.04.29"]
[Round "4.18"]
[White "Maksimovic, Masa"]
[Black "Hodzic, Nihad"]
[Result "0-1"]
[WhiteElo "2107"]
[BlackElo "2296"]
[EventDate "2019.04.27"]
[PlyCount "100"]

1.e4 c5 2.Nf3 d6 3.d4 cxd4 4.Nxd4 Nf6 5.Nc3 a6 6.h3 e6 7.g4 Be7 8.Bg2 Qc7 
9.Be3 Nc6 10.Qe2 h6 11.f4 Nd7 12.O-O-O Na5 13.g5 hxg5 14.fxg5 Ne5 15.h4 
Nac4 16.Bf2 Bd7 17.b3 Na3 18.Kb2 b5 19.Rh3 b4 20.Nb1 Bb5 21.Nxb5 Nxb5 22.
c3 bxc3+ 23.Nxc3 O-O 24.Rc1 Rfc8 25.Rc2 Qa5 26.Nb1 Nc6 27.Be1 Qb6 28.Qd1 
a5 29.Bf2 Qb7 30.g6 Bf6+ 31.Kc1 Nb4 32.Rxc8+ Rxc8+ 33.Kd2 Nxa2 34.gxf7+ 
Qxf7 35.Qf3 Qc7 36.Ke3 Qc1+ 37.Nd2 Rc3+ 38.Ke2 Rxf3 39.Rxf3 Nac3+ 40.Kd3 
d5 41.exd5 Nxd5 42.Bh3 Nb6 43.Ke3 Bd4+ 44.Ke4 Qc2+ 45.Kf4 Qxd2+ 46.Kg3 
Bxf2+ 47.Rxf2 Qe3+ 48.Rf3 Qg1+ 49.Kf4 Nd5+ 50.Ke5 Qd4+ 0-1

[Event "49th Bosna it"]
[Site "Sarajevo BIH"]
[Date "2019.04.29"]
[Round "4.19"]
[White "Kontic, Djordjije"]
[Black "Kanyamarala, Tarun"]
[Result "1/2-1/2"]
[WhiteElo "2267"]
[BlackElo "2070"]
[EventDate "2019.04.27"]
[PlyCount "43"]

1.e4 c5 2.Ne2 Nf6 3.Nbc3 d5 4.exd5 Nxd5 5.Nxd5 Qxd5 6.Nc3 Qd7 7.Bb5 Nc6 8.
O-O e6 9.Qg4 b6 10.Rd1 a6 11.Bxc6 Qxc6 12.d4 cxd4 13.Rxd4 Bb7 14.Bg5 Bc5 
15.Rd3 f5 16.Qh5+ g6 17.Qf3 O-O 18.Na4 Qc7 19.Bf4 Bxf3 20.Bxc7 Be4 21.Nxc5
bxc5 22.Rc3 1/2-1/2

[Event "49th Bosna it"]
[Site "Sarajevo BIH"]
[Date "2019.04.29"]
[Round "4.20"]
[White "Kanyamarala, Trisha"]
[Black "Hadzovic, Amir"]
[Result "0-1"]
[WhiteElo "2028"]
[BlackElo "2258"]
[EventDate "2019.04.27"]
[PlyCount "64"]

1.d4 d6 2.Nf3 Nf6 3.c4 g6 4.g3 Bg7 5.Bg2 O-O 6.O-O Nbd7 7.Nc3 e5 8.d5 a5 
9.e4 Nc5 10.Ne1 Ne8 11.Be3 b6 12.Nd3 Bd7 13.f4 exf4 14.Nxf4 Qe7 15.Qc2 Nf6
16.Bxc5 bxc5 17.h3 Qe5 18.Qf2 Rab8 19.Nd3 Qe7 20.Rae1 Nh5 21.Kh1 Bd4 22.
Qf3 a4 23.g4 Ng7 24.Nd1 h5 25.Re2 Qh4 26.N1f2 f6 27.Kh2 hxg4 28.Qg3 Qxg3+ 
29.Kxg3 Nh5+ 30.Kh4 g5+ 31.Kxh5 Kg7 32.Nxg4 Be8# 0-1

[Event "49th Bosna it"]
[Site "Sarajevo BIH"]
[Date "2019.04.29"]
[Round "4.21"]
[White "Trkulja, Goran"]
[Black "Pistalovic, Slobodan"]
[Result "1-0"]
[WhiteElo "2309"]
[BlackElo "1865"]
[EventDate "2019.04.27"]
[PlyCount "135"]

1.Nf3 d5 2.c4 c6 3.e3 Nf6 4.b3 Bf5 5.Bb2 e6 6.Be2 Be7 7.Ne5 O-O 8.g4 Bxb1 
9.Qxb1 Nbd7 10.Nf3 Ne4 11.a3 Bf6 12.d3 Nc3 13.Qc2 Nxe2 14.Kxe2 Bxb2 15.
Qxb2 Qf6 16.Qxf6 Nxf6 17.Rhg1 Rfd8 18.Rac1 Rac8 19.c5 Nd7 20.d4 Re8 21.Ne5
Nxe5 22.dxe5 Re7 23.g5 g6 24.Rg4 Kg7 25.Rh4 Rec7 26.a4 Ra8 27.Kd3 Rb8 28.
a5 a6 29.Ra1 Ra8 30.Raa4 Rd7 31.Rab4 Rc7 32.Rb6 Ra7 33.Rh6 Rd7 34.Rb4 Ra8 
35.h4 Rg8 36.h5 Rf8 37.Rh4 Rh8 38.hxg6 fxg6 39.Rf4 Rf7 40.Rf6 Re7 41.Rh4 
Rd8 42.Rd4 Rdd7 43.Ke2 Rd8 44.e4 Rc8 45.exd5 cxd5 46.b4 Rc6 47.Rdf4 Rc8 
48.Kd3 Rd8 49.Kd4 Rc8 50.Rf3 Rd8 51.Rb3 Ra8 52.b5 axb5 53.Rxb5 Ra6 54.Kc3 
Rc6 55.Rf3 Rec7 56.Kd4 Kg8 57.Rfb3 Rc8 58.Rc3 Rf8 59.Ke3 Rf5 60.Rxb7 Rxe5+
61.Kd3 Rxg5 62.Rb6 Rc8 63.a6 Rg4 64.a7 Ra4 65.Rb8 Rf8 66.c6 Rxa7 67.c7 Ra8
68.Rxa8 1-0

[Event "49th Bosna it"]
[Site "Sarajevo BIH"]
[Date "2019.04.29"]
[Round "4.22"]
[White "Medic, Nevenko"]
[Black "Klasan, Vladimir"]
[Result "0-1"]
[WhiteElo "1983"]
[BlackElo "2366"]
[EventDate "2019.04.27"]
[PlyCount "138"]

1.d4 Nf6 2.c4 c5 3.Nf3 cxd4 4.Nxd4 Nc6 5.g3 g6 6.Bg2 Bg7 7.O-O O-O 8.Nc3 
Nxd4 9.Qxd4 d6 10.Rd1 a6 11.Qh4 Qc7 12.b3 Be6 13.Bh6 Rab8 14.Bxg7 Kxg7 15.
Rac1 Rfc8 16.Qd4 Kg8 17.a4 Nd7 18.Bd5 Qc5 19.Bxe6 fxe6 20.Qd2 Nf6 21.Qd3 
Rf8 22.Qd4 Qxd4 23.Rxd4 Rfc8 24.Rcd1 Nd7 25.Ne4 h6 26.f4 Rc6 27.Kf2 Kf7 
28.e3 e5 29.Rd5 b6 30.fxe5 Nxe5 31.Ke2 Ke6 32.Rf1 Nd7 33.h4 Nc5 34.Nxc5+ 
bxc5 35.Rd3 Rcb6 36.h5 g5 37.Rf3 Rxb3 38.Rxb3 Rxb3 39.Rf8 Rb2+ 40.Kf3 d5 
41.Ra8 dxc4 42.Ke4 Rb6 43.a5 Rc6 44.Rb8 Kd7 45.Rb7+ Kd6 46.Rb2 c3 47.Rc2 
e5 48.Rxc3 c4 49.Kf5 Kd5 50.g4 Kc5 51.Kxe5 Kb4 52.Rc1 c3 53.Kd5 Rc8 54.e4 
Kxa5 55.e5 Kb4 56.Kd6 c2 57.Kd7 Rc3 58.e6 Kb3 59.e7 Rd3+ 60.Ke6 Re3+ 61.
Kf7 Kb2 62.e8=Q Rxe8 63.Rxc2+ Kxc2 64.Kxe8 a5 65.Kf7 a4 66.Kg6 a3 67.Kxh6 
a2 68.Kxg5 a1=Q 69.h6 Kd3 0-1

[Event "49th Bosna it"]
[Site "Sarajevo BIH"]
[Date "2019.04.29"]
[Round "4.23"]
[White "Tomic, Aleksandar"]
[Black "Korjenic, Esef"]
[Result "0-1"]
[WhiteElo "2357"]
[BlackElo "1922"]
[EventDate "2019.04.27"]
[PlyCount "89"]

1.d4 c5 2.d5 e6 3.c4 exd5 4.cxd5 d6 5.Nc3 g6 6.Nf3 Bg7 7.Bf4 Nf6 8.Qa4+ 
Bd7 9.Qb3 Qc7 10.e4 O-O 11.Be2 Re8 12.Nd2 a6 13.a4 Bf8 14.O-O a5 15.Bg5 
Bg7 16.f4 Ng4 17.Bxg4 Bxg4 18.Nb5 Qd7 19.Rae1 f6 20.Bh4 Qd8 21.e5 dxe5 22.
fxe5 g5 23.exf6 Rxe1 24.f7+ Kf8 25.Rxe1 Kxf7 26.d6+ Kg6 27.Bg3 Nc6 28.Nc7 
Rb8 29.h3 Bf5 30.Nd5 Qg8 31.Nf3 Kh6 32.h4 Bd4+ 33.Kh1 gxh4 34.Nxd4 cxd4 
35.Bf4+ Kg6 36.Bh2 d3 37.Rf1 Rf8 38.Nf4+ Kh6 39.Qc3 h3 40.Qd2 Qg5 41.Rf3 
hxg2+ 42.Qxg2 Qxg2+ 43.Nxg2 Kg7 44.Bf4 Be4 45.Bh6+ {Kxh6

[Event "49th Bosna it"]
[Site "Sarajevo BIH"]
[Date "2019.04.29"]
[Round "4.24"]
[White "Kozarcanin, Sead"]
[Black "Galic, Zeljko"]
[Result "0-1"]
[WhiteElo "1976"]
[BlackElo "2293"]
[EventDate "2019.04.27"]
[PlyCount "88"]

1.b3 e5 2.Bb2 Nc6 3.e3 g6 4.Bb5 Bg7 5.f4 Nge7 6.Nf3 d6 7.O-O O-O 8.d3 Bg4 
9.Bxc6 Nxc6 10.Nbd2 Re8 11.fxe5 Nxe5 12.Bxe5 Bxe5 13.Rb1 Bg7 14.h3 Be6 15.
e4 d5 16.exd5 Bxd5 17.Re1 c5 18.Rxe8+ Qxe8 19.Qe1 Qd7 20.Qf2 b6 21.Re1 Re8
22.Rxe8+ Qxe8 23.a4 Bh6 24.Kf1 Qe7 25.Qe2 Qf6 26.Ne4 Qf4 27.Kf2 Bg7 28.Qd2
Qf5 29.Qe2 Kf8 30.Kf1 Bd4 31.Nf2 Bxf3 32.Qxf3 Qg5 33.Nd1 Qc1 34.Qe2 h5 35.
Ke1 Bc3+ 36.Kf1 Bd2 37.c4 Bc3 38.g4 h4 39.Kg2 Bd4 40.Kf3 Qb1 41.Qd2 Qxb3 
42.Nf2 Qxa4 43.Qh6+ Kg8 44.Qxh4 Qc2 0-1

[Event "49th Bosna it"]
[Site "Sarajevo BIH"]
[Date "2019.04.29"]
[Round "4.25"]
[White "Rasidovic, Sead"]
[Black "Manic, Mujo"]
[Result "1-0"]
[WhiteElo "2225"]
[BlackElo "1754"]
[EventDate "2019.04.27"]
[PlyCount "72"]

1.e4 c5 2.Nc3 d6 3.f4 g6 4.Nf3 Bg4 5.Bc4 e6 6.O-O a6 7.a4 Bg7 8.h3 Bxf3 9.
Qxf3 Ne7 10.d3 Nbc6 11.Ne2 Rb8 12.c3 O-O 13.Bb3 d5 14.Bc2 d4 15.c4 Qc7 16.
Bd2 b5 17.axb5 axb5 18.b3 bxc4 19.bxc4 Rb2 20.Rfc1 Rfb8 21.g4 f5 22.Be1 
Qd7 23.gxf5 gxf5 24.e5 Qb7 25.Kf1 Ra8 26.Ba4 Na5 27.Qxb7 Nxb7 28.Bd7 Rb8 
29.Bxe6+ Kf8 30.Rcb1 Rxb1 31.Rxb1 Bh6 32.Bh4 Ng6 33.Bg3 Ne7 34.Rb6 Kg7 35.
Bh4 Ng6 36.Bf6+ Kf8 1-0

[Event "49th Bosna it"]
[Site "Sarajevo BIH"]
[Date "2019.04.29"]
[Round "4.26"]
[White "Peric, Bernard"]
[Black "Zenelaj, Samuel"]
[Result "1/2-1/2"]
[WhiteElo "2128"]
[BlackElo "1916"]
[EventDate "2019.04.27"]
[PlyCount "94"]

1.d4 Nf6 2.c4 g6 3.Nf3 Bg7 4.g3 O-O 5.Bg2 d6 6.b3 e5 7.Nc3 Nc6 8.d5 Ne7 9.
e4 Nd7 10.g4 f5 11.gxf5 gxf5 12.Ng5 Ng6 13.Ne6 Qh4 14.Bg5 Qg4 15.Qxg4 fxg4
16.Nxf8 Ndxf8 17.Bd8 c6 18.Bc7 Nh4 19.Bf1 Nfg6 20.Bxd6 Nf4 21.Be2 Nhg2+ 
22.Kf1 h5 23.Rd1 Kf7 24.Bc5 Bd7 25.Be3 Rf8 26.Bxf4 exf4 27.Rd3 Nh4 28.Ke1 
Ng2+ 29.Kd2 f3 30.Bf1 Ke7 31.Nd1 Bh6+ 32.Kc3 Bg7+ 33.Kc2 Ne1+ 34.Kd2 Nxd3 
35.Bxd3 c5 36.Ne3 Be5 37.Bf1 h4 38.Bd3 Bf4 39.Bc2 Kd6 40.Kd3 Rg8 41.Bd1 h3
42.Nf1 Ke5 43.Rg1 Rh8 44.Ne3 Rh4 45.Rh1 Rh6 46.Rg1 Rh4 47.Rh1 Rh6 1/2-1/2

[Event "49th Bosna it"]
[Site "Sarajevo BIH"]
[Date "2019.04.29"]
[Round "4.27"]
[White "Zenelaj, Fisnik"]
[Black "Strinic, Halid"]
[Result "1/2-1/2"]
[WhiteElo "1933"]
[BlackElo "2124"]
[EventDate "2019.04.27"]
[PlyCount "94"]

1.e4 c5 2.Nf3 Nc6 3.d4 cxd4 4.Nxd4 Nf6 5.Nc3 d6 6.Be2 a6 7.O-O g6 8.Bf3 
Bd7 9.Be3 Bg7 10.Nxc6 bxc6 11.Qd2 O-O 12.Bh6 Rb8 13.Bxg7 Kxg7 14.Rab1 Qc7 
15.Rfe1 Rfd8 16.Ne2 a5 17.Ng3 h6 18.h4 h5 19.Qg5 Rb5 20.Qe3 Rdb8 21.c4 
Rxb2 22.Rxb2 Rxb2 23.Bxh5 Qb6 24.Qxb6 Rxb6 25.Bf3 e5 26.Rd1 c5 27.Nf1 Kf8 
28.Ne3 Ke7 29.g4 Bc6 30.h5 Nxe4 31.h6 Ng5 32.Bxc6 Rxc6 33.Rb1 Rc8 34.Rb7+ 
Kf8 35.Nd5 Nh7 36.Rd7 Ke8 37.Re7+ Kf8 38.Rd7 Ke8 39.Rxd6 Ng5 40.Ra6 Rb8 
41.Nf6+ Ke7 42.Nd5+ Kd7 43.h7 e4 44.Rxa5 Nxh7 45.Ra7+ Kd6 46.Rxf7 Ke5 47.
Nf4 Rg8 1/2-1/2

[Event "49th Bosna it"]
[Site "Sarajevo BIH"]
[Date "2019.04.29"]
[Round "4.29"]
[White "Petrovic, Marija"]
[Black "Nukic, Farik"]
[Result "1-0"]
[WhiteElo "2068"]
[BlackElo "1731"]
[EventDate "2019.04.27"]
[PlyCount "109"]

1.Nf3 d5 2.g3 Nf6 3.Bg2 c6 4.b3 Bg4 5.Bb2 Nbd7 6.O-O e6 7.d3 Be7 8.Nbd2 
O-O 9.c4 Bh5 10.a3 h6 11.b4 a6 12.Qb3 a5 13.e4 Bg6 14.e5 Ne8 15.Rfe1 Nc7 
16.Bf1 Na6 17.Bc3 b6 18.Qb2 Nc7 19.Nd4 c5 20.Nc6 Qe8 21.Nxe7+ Qxe7 22.d4 
Rfd8 23.bxc5 bxc5 24.Qb7 cxd4 25.Bxd4 Nc5 26.Bxc5 Qxc5 27.Nb3 Qa7 28.Qxa7 
Rxa7 29.Nd4 Rd7 30.c5 Kf8 31.Rec1 f6 32.f4 Kf7 33.a4 Be4 34.Ra2 fxe5 35.
fxe5 Kg6 36.Rb2 Rf7 37.Rb6 h5 38.Bh3 Ra6 39.Rxa6 Nxa6 40.Bxe6 Rc7 41.c6 
Nb8 42.Rc5 Kh7 43.h4 g6 44.Kf2 Kg7 45.Bxd5 Bxd5 46.Rxd5 Kf7 47.Rd6 Re7 48.
Kf3 Na6 49.Nb5 Rxe5 50.c7 Nxc7 51.Nxc7 Rc5 52.Nb5 Rc4 53.Rd4 Rc1 54.Kf4 
Rf1+ 55.Kg5 1-0

[Event "49th Bosna it"]
[Site "Sarajevo BIH"]
[Date "2019.04.29"]
[Round "4.30"]
[White "Sadikovic, Jasmin"]
[Black "Miftari, Hedon"]
[Result "1-0"]
[WhiteElo "2031"]
[BlackElo "1621"]
[EventDate "2019.04.27"]
[PlyCount "115"]

1.d4 d5 2.Nf3 Nf6 3.c4 c6 4.Nc3 e6 5.e3 Nbd7 6.Bd3 dxc4 7.Bxc4 b5 8.Bd3 a6
9.e4 c5 10.e5 cxd4 11.Nxb5 axb5 12.exf6 gxf6 13.Be4 Rb8 14.Nxd4 Bb7 15.
Bxb7 Rxb7 16.O-O Ne5 17.Ne2 Rd7 18.Qb3 Qb8 19.Bf4 Bd6 20.Rfd1 Nc4 21.Bxd6 
Rxd6 22.a4 Rxd1+ 23.Rxd1 Qe5 24.Nd4 O-O 25.axb5 Nb6 26.Nc6 Qe2 27.Nd4 Qe5 
28.Nf3 Qe2 29.Re1 Qc4 30.Qxc4 Nxc4 31.b3 Nd6 32.Kf1 Nxb5 33.Rc1 Rb8 34.Ke2
Nd6 35.Nd2 Nf5 36.Rc4 e5 37.Kd3 Rd8+ 38.Kc3 Nd4 39.b4 Ne2+ 40.Kc2 Nd4+ 41.
Kb2 Ne2 42.Nf3 Nf4 43.Ne1 Rd1 44.Re4 Rxe1 45.Rxe1 Nd3+ 46.Kc3 Nxe1 47.b5 
Nxg2 48.b6 Nf4 49.b7 Nd5+ 50.Kb3 Kg7 51.b8=Q Nf4 52.Qc8 Ne6 53.Kc3 Nf4 54.
Qg4+ Ng6 55.h4 Kf8 56.h5 Nf4 57.h6 Ne6 58.Qb4+ 1-0

[Event "49th Bosna it"]
[Site "Sarajevo BIH"]
[Date "2019.04.29"]
[Round "4.31"]
[White "Sajin, Mladen"]
[Black "Karaoglan, Kivanc"]
[Result "0-1"]
[WhiteElo "1790"]
[BlackElo "2001"]
[EventDate "2019.04.27"]
[PlyCount "100"]

1.e4 e5 2.Nf3 Nc6 3.Bc4 Nf6 4.d4 exd4 5.O-O Nxe4 6.Re1 d5 7.Bxd5 Qxd5 8.
Nc3 Qa5 9.Nxe4 Be6 10.Bg5 h6 11.Bd2 Qd5 12.c3 O-O-O 13.Qa4 Qc4 14.Qxc4 
Bxc4 15.cxd4 Nxd4 16.Nxd4 Rxd4 17.Bc3 Rd8 18.Rac1 Bd5 19.Be5 c6 20.Nc3 f6 
21.Bg3 Bb4 22.a3 Bxc3 23.Rxc3 Rhe8 24.Rec1 Re2 25.b4 Rde8 26.f3 a6 27.Ra1 
Kd7 28.a4 Rb2 29.b5 axb5 30.axb5 Rxb5 31.Re1 Rxe1+ 32.Bxe1 Rb2 33.h3 h5 
34.Kh2 b6 35.Ra3 Ra2 36.Rxa2 Bxa2 37.g4 hxg4 38.fxg4 c5 39.Kg3 b5 40.Kf4 
Kd6 41.Ke4 Bb1+ 42.Ke3 b4 43.h4 Ke5 44.g5 fxg5 45.hxg5 Kd5 46.Kd2 b3 47.
Bf2 c4 48.Ke3 c3 49.Kf4 c2 50.Be3 g6 0-1

[Event "49th Bosna it"]
[Site "Sarajevo BIH"]
[Date "2019.04.29"]
[Round "4.32"]
[White "Strinic, Hamdija"]
[Black "Obad, Andrija"]
[Result "0-1"]
[WhiteElo "1751"]
[BlackElo "2319"]
[EventDate "2019.04.27"]
[PlyCount "60"]

1.d4 Nf6 2.c4 c5 3.d5 e5 4.Nc3 d6 5.e4 Be7 6.Be2 Nbd7 7.Be3 a6 8.g4 h6 9.
h4 Rb8 10.a4 Nf8 11.Nh3 N6h7 12.Qd2 Bxh4 13.O-O-O Ng6 14.f4 exf4 15.Nxf4 
Nxf4 16.Bxf4 Bg5 17.Kb1 O-O 18.Rdf1 Re8 19.Qe3 Re5 20.Qg3 Bxf4 21.Qxf4 Ng5
22.Bd3 Bd7 23.Ne2 b5 24.axb5 axb5 25.Ng3 bxc4 26.Bc2 c3 27.b3 Qa5 28.Rxh6 
Ra8 29.Kc1 Qa1+ 30.Bb1 Qb2+ 0-1

[Event "49th Bosna it"]
[Site "Sarajevo BIH"]
[Date "2019.04.29"]
[Round "4.33"]
[White "Abdic, Adnan"]
[Black "Haskovic, Salih"]
[Result "1-0"]
[WhiteElo "2177"]
[BlackElo "1790"]
[EventDate "2019.04.27"]
[PlyCount "65"]

1.e4 e5 2.Nf3 Nc6 3.Bb5 Nd4 4.Nxd4 exd4 5.O-O c6 6.Bc4 b5 7.Bb3 a5 8.a4 b4
9.Qf3 Qf6 10.Qe2 Bc5 11.d3 Bb7 12.e5 Qe7 13.Qg4 g6 14.Bg5 Qf8 15.Nd2 h6 
16.Qh4 Ne7 17.Bf6 Nf5 18.Qf4 h5 19.Ne4 Be7 20.Nd6+ Kd8 21.Nxb7+ Kc8 22.
Nd6+ Nxd6 23.exd6 Bxd6 24.Qxd4 Rg8 25.Rfe1 Bc5 26.Qe5 Bd6 27.Qg5 h4 28.h3 
Kb7 29.Be7 Bxe7 30.Rxe7 Qd8 31.Rae1 f6 32.Qxf6 Rf8 33.Qd6 1-0

[Event "49th Bosna it"]
[Site "Sarajevo BIH"]
[Date "2019.04.29"]
[Round "4.34"]
[White "Jurisic, Iskra"]
[Black "Jovovic, Milan"]
[Result "0-1"]
[WhiteElo "1748"]
[BlackElo "2065"]
[EventDate "2019.04.27"]
[PlyCount "90"]

1.d4 Nf6 2.Nf3 b6 3.Bf4 Bb7 4.e3 e6 5.Nbd2 c5 6.c3 Nc6 7.h3 d5 8.Be2 Bd6 
9.Ne5 Qc7 10.Nxc6 Bxf4 11.exf4 Bxc6 12.Nf3 Qxf4 13.Ne5 Bd7 14.Nxd7 Nxd7 
15.O-O O-O 16.Bb5 Nf6 17.dxc5 bxc5 18.Qc2 Rab8 19.c4 Qe4 20.Qc3 Qd4 21.
Qxd4 cxd4 22.Rad1 dxc4 23.Bxc4 Rfd8 24.Bb3 Ne4 25.Bc2 Nc5 26.Rd2 Kf8 27.b3
g6 28.Rfd1 e5 29.f4 f6 30.fxe5 fxe5 31.Bd3 Nxd3 32.Rxd3 Ke7 33.Kf2 Kd6 34.
Kg3 Kd5 35.Kg4 Rf8 36.Kg3 Rbc8 37.R1d2 Ke4 38.Rf3 Rxf3+ 39.gxf3+ Ke3 40.
Rd1 Rc2 41.Re1+ Re2 42.Rd1 d3 43.a4 d2 44.b4 Re1 45.Rxd2 Kxd2 0-1

[Event "49th Bosna it"]
[Site "Sarajevo BIH"]
[Date "2019.04.29"]
[Round "4.35"]
[White "Pestek, Elvis"]
[Black "Lakota, Izet"]
[Result "1-0"]
[WhiteElo "1995"]
[BlackElo "1750"]
[EventDate "2019.04.27"]
[PlyCount "77"]

1.e4 d5 2.exd5 Qxd5 3.Nc3 Qd8 4.d4 g6 5.Be3 Bg7 6.Qd2 Nc6 7.O-O-O Nf6 8.h3
a6 9.Nf3 b5 10.Kb1 Bb7 11.Qe2 Nd5 12.Ne4 Nf6 13.Nc5 Bc8 14.g4 Qd6 15.Bg2 
Rb8 16.Ne5 Nd8 17.Bf4 Qb6 18.h4 h5 19.Rhe1 O-O 20.gxh5 Nxh5 21.Be3 Qd6 22.
Ne4 Qe6 23.Ng5 Qd6 24.Bf3 Nf6 25.h5 Bf5 26.Rh1 Ne6 27.h6 Nxg5 28.hxg7 Kxg7
29.Bxg5 Rh8 30.Nc6 Rbe8 31.Rxh8 Kxh8 32.Rh1+ Kg8 33.Qe5 Kg7 34.Bxf6+ Qxf6 
35.Qe3 g5 36.Rg1 Kh6 37.Ne5 Rg8 38.Be4 Kh7 39.Qh3+ 1-0

[Event "49th Bosna it"]
[Site "Sarajevo BIH"]
[Date "2019.04.29"]
[Round "4.36"]
[White "Smajic, Ervin"]
[Black "Selimovic, Amir"]
[Result "0-1"]
[WhiteElo "1556"]
[BlackElo "1972"]
[EventDate "2019.04.27"]
[PlyCount "56"]

1.Nf3 Nf6 2.g3 b6 3.Bg2 Bb7 4.O-O e6 5.d4 Be7 6.b3 O-O 7.Bb2 d6 8.Nbd2 c5 
9.Re1 cxd4 10.Nxd4 Bxg2 11.Kxg2 d5 12.e4 Qc7 13.Rc1 dxe4 14.Nxe4 Nbd7 15.
Kg1 Nxe4 16.Rxe4 Qb7 17.Qe2 Nf6 18.Re3 Bc5 19.Re5 Rfd8 20.Rd1 Rd7 21.Nb5 
Rxd1+ 22.Qxd1 a6 23.Nc3 Qc7 24.Ne4 Nxe4 25.Rxe4 Rd8 26.Qg4 f5 27.Qf4 Rd1+ 
28.Kg2 Qb7 0-1

[Event "49th Bosna it"]
[Site "Sarajevo BIH"]
[Date "2019.04.29"]
[Round "4.37"]
[White "Sabic, Muris"]
[Black "Hamzic, Adil"]
[Result "1-0"]
[WhiteElo "1963"]
[BlackElo "1708"]
[EventDate "2019.04.27"]
[PlyCount "97"]

1.e4 c5 2.Nf3 d6 3.d4 cxd4 4.Nxd4 Nf6 5.Nc3 a6 6.Be2 e6 7.O-O Be7 8.a4 O-O
9.f4 Nc6 10.Kh1 Bd7 11.Be3 Rc8 12.Nb3 a5 13.Bf3 e5 14.f5 Nb4 15.g4 Ne8 16.
Rf2 Bg5 17.Bxg5 Qxg5 18.Nxa5 Qe3 19.Qd2 Qb6 20.Nb3 Bc6 21.Re2 Na6 22.Rd1 
Nc5 23.Nxc5 Qxc5 24.Nd5 Bxd5 25.Qxd5 Qb6 26.c3 Rc5 27.Qa2 Qc7 28.g5 Kh8 
29.Rg1 Ra5 30.b4 Qxc3 31.bxa5 Qxf3+ 32.Reg2 Qxe4 33.Qf2 Kg8 34.f6 Qxa4 35.
Qb6 d5 36.Rg4 e4 37.h4 Qa3 38.R4g3 Qa4 39.Qxb7 Qxa5 40.Rd1 Qa2 41.Qxd5 Qf2
42.Qe5 Kh8 43.Rdg1 gxf6 44.Qe7 Rg8 45.Qxf7 e3 46.gxf6 Qxg3 47.Rxg3 Rxg3 
48.Qxe8+ Rg8 49.f7 1-0

[Event "49th Bosna it"]
[Site "Sarajevo BIH"]
[Date "2019.04.29"]
[Round "4.38"]
[White "Dedic, Nedzad"]
[Black "Zaloznik, Vesna"]
[Result "1-0"]
[WhiteElo "1932"]
[BlackElo "1556"]
[EventDate "2019.04.27"]
[PlyCount "101"]

1.e4 e5 2.Bc4 Nf6 3.Nc3 Bc5 4.Nf3 Nc6 5.d3 d6 6.Bg5 h6 7.Be3 Bb6 8.h3 Be6 
9.Bb3 Qe7 10.Qd2 Nd4 11.Bxd4 exd4 12.Ne2 c5 13.O-O O-O 14.Rae1 d5 15.exd5 
Nxd5 16.Bxd5 Bxd5 17.Nexd4 Qf6 18.c4 cxd4 19.cxd5 Rfd8 20.Re4 Rxd5 21.Rfe1
Kh7 22.Re7 Bc5 23.Rxb7 Qa6 24.Rxf7 Qxa2 25.Qe2 Rdd8 26.Qe4+ Kg8 27.Rc7 Bb6
28.Rc2 Re8 29.Ne5 Qb3 30.Rce2 Rad8 31.g3 Bc7 32.f4 Qd5 33.Qxd5+ Rxd5 34.
Nc4 Rxe2 35.Rxe2 Kf7 36.Kg2 g6 37.Kf3 Kf6 38.g4 h5 39.Re8 Rd7 40.gxh5 gxh5
41.Rh8 Kg6 42.Ke4 Re7+ 43.Ne5+ Bxe5 44.fxe5 Rb7 45.Rg8+ Kf7 46.Rg2 a5 47.
Kxd4 Rb4+ 48.Kd5 Rb5+ 49.Ke4 Rb4+ 50.d4 Rb3 51.Rh2 1-0

[Event "49th Bosna it"]
[Site "Sarajevo BIH"]
[Date "2019.04.29"]
[Round "4.39"]
[White "Vujicic, Dragisa"]
[Black "Fejzic, Danis"]
[Result "1-0"]
[WhiteElo "1922"]
[BlackElo "1539"]
[EventDate "2019.04.27"]
[PlyCount "67"]

1.Nf3 Nf6 2.c4 g6 3.b3 Bg7 4.Bb2 O-O 5.g3 d6 6.Bg2 Nc6 7.O-O e5 8.d3 Bd7 
9.Nbd2 Qc8 10.e3 Bh3 11.Ne1 Bxg2 12.Kxg2 Nd7 13.a3 a5 14.Qe2 f5 15.f4 Re8 
16.Nc2 exf4 17.Bxg7 fxe3 18.Bc3 exd2 19.Qxd2 Nde5 20.Ne3 Ne7 21.d4 N5c6 
22.d5 Ne5 23.Bxa5 Kg7 24.Bc3 Ng8 25.g4 fxg4 26.Rf4 Nf6 27.Raf1 Rf8 28.Qf2 
Qd8 29.Qh4 Nxd5 30.Rf7+ Rxf7 31.Rxf7+ Kxf7 32.Qxh7+ Ke8 33.Nxd5 Rc8 34.Qg7
1-0

[Event "49th Bosna it"]
[Site "Sarajevo BIH"]
[Date "2019.04.29"]
[Round "4.40"]
[White "Culum, Sanjin"]
[Black "Gazija, Tarik"]
[Result "1-0"]
[WhiteElo "1864"]
[BlackElo "1494"]
[EventDate "2019.04.27"]
[PlyCount "65"]

1.e4 e5 2.Nf3 Nc6 3.Bc4 Bc5 4.c3 Nf6 5.d3 d6 6.O-O O-O 7.h3 h6 8.Re1 Re8 
9.a4 a5 10.Nbd2 Qe7 11.Nf1 Be6 12.Bb3 Nb8 13.Ng3 Nbd7 14.Bd2 c6 15.d4 Ba7 
16.Bc2 Bc4 17.Nf5 Qe6 18.b3 Ba6 19.c4 d5 20.exd5 cxd5 21.Nxe5 Nxe5 22.Rxe5
Qc6 23.cxd5 Nxd5 24.Qg4 Qf6 25.Rxd5 Red8 26.Rxd8+ Rxd8 27.Bxh6 Re8 28.Bxg7
Qg6 29.Ne7+ Rxe7 30.Bxg6 fxg6 31.Bf6 Rc7 32.Qxg6+ Kf8 33.Re1 1-0

[Event "49th Bosna it"]
[Site "Sarajevo BIH"]
[Date "2019.04.29"]
[Round "4.41"]
[White "Colpa, Husein"]
[Black "Beslija, Hana"]
[Result "1/2-1/2"]
[WhiteElo "1854"]
[BlackElo "1297"]
[EventDate "2019.04.27"]
[PlyCount "61"]

1.e4 d5 2.exd5 Nf6 3.c4 e6 4.dxe6 Bxe6 5.d4 Bb4+ 6.Nc3 Ne4 7.d5 Nxc3 8.
bxc3 Bxc3+ 9.Bd2 Bxa1 10.Qxa1 O-O 11.dxe6 Re8 12.Nf3 Rxe6+ 13.Be3 Nc6 14.
Be2 Qf6 15.Qc1 h6 16.g4 Rae8 17.h4 Qe7 18.g5 a6 19.gxh6 Rxh6 20.Rg1 Re6 
21.Qc3 Qb4 22.Rxg7+ Kf8 23.Qxb4+ Nxb4 24.Rg4 Nc2+ 25.Kd2 Nxe3 26.fxe3 Rxe3
27.Bd1 R3e4 28.Rxe4 Rxe4 29.Kd3 Re6 30.c5 b6 31.cxb6 1/2-1/2

[Event "49th Bosna it"]
[Site "Sarajevo BIH"]
[Date "2019.04.29"]
[Round "4.42"]
[White "Hasanovic, Jakub"]
[Black "Colpa, Fahrudin"]
[Result "0-1"]
[WhiteElo "1682"]
[BlackElo "1848"]
[EventDate "2019.04.27"]
[PlyCount "64"]

1.d4 Nf6 2.c4 d5 3.Nc3 dxc4 4.e3 Be6 5.Qa4+ c6 6.Nf3 b5 7.Qc2 g6 8.a4 Qa5 
9.Bd2 Na6 10.Nxb5 Nb4 11.Qc3 Nfd5 12.Qxc4 cxb5 13.Qb3 a6 14.Qd1 Bf5 15.Ne5
Rc8 16.g4 Bc2 17.Qf3 f6 18.Qxd5 fxe5 19.Qxe5 Rg8 20.Qe6 Rc6 21.Qxg8 Be4 
22.Rg1 bxa4 23.Qb3 e5 24.Qd1 Qb6 25.f3 Bc2 26.Qc1 exd4 27.Bxb4 Bxb4+ 28.
Kf2 d3 29.Bxd3 Bxd3 30.Qd1 Rc2+ 31.Kg3 Qxe3 32.Rg2 Bd6+ 0-1